000 00480cam a22001337a 4500
008 180718b1963 xxu||||| |||| 00| 0 eng d
082 _aY15x5421 G959
100 _aGupta, Sulekh Chandra
245 _aAgrarian relations and early British rule in India: a case study of ceded and conquered provinces (Uttar Pradesh), (1801- 1833)
_cby Sulekh Chandra Gupta
260 _aBombay
_bAsia Pub. House
_c1963
300 _a338p.
500 _aRs.26.00
650 _aLand Tenure - India - UP
999 _c367248
_d367248